| 000 | 00525nam a2200181Ia 4500 | ||
|---|---|---|---|
| 008 | 240729s9999 xx 000 0 und d | ||
| 022 | _a1348-4400 | ||
| 245 | 4 | _aThe Journal of Reproduction and Development | |
| 260 | _aJapan | ||
| 260 | _bThe Society for Reproduction and Development | ||
| 650 | _a Biology (General) | ||
| 650 | _a Internal medicine | ||
| 650 | _a Reproduction | Medicine | ||
| 650 | _aScience | ||
| 856 | _uhttps://doaj.org/toc/7d50fbfbc72f4e7583167186aafbf4f0 | ||
| 942 | _2ddc | ||
| 942 | _cDOAJEJ | ||
| 999 |
_c66354 _d66354 |
||
| 945 |
_a1 _bMadushi Gamage _c1 _dMadushi Gamage |
||